Nuevos instrumentos para manejar el riesgo empresario en los mercados internacionales y local (Registro nro. 17954)

Detalles MARC
000 -LEADER
fixed length control field 00414 a2200121 4500
001 - CONTROL NUMBER
control field ART_10967
005 - DATE AND TIME OF LATEST TRANSACTION
control field 20260410161732.0
008 - FIXED-LENGTH DATA ELEMENTS--GENERAL INFORMATION
fixed length control field 260409a
100 1# - MAIN ENTRY--PERSONAL NAME
Personal name Janovitz, Elemer
245 10 - TITLE STATEMENT
Title Nuevos instrumentos para manejar el riesgo empresario en los mercados internacionales y local
700 1# - ADDED ENTRY--PERSONAL NAME
Personal name Marzana, Mario T.
773 0# - HOST ITEM ENTRY
Title Ejecutivos de finanzas
Related parts - Año 4, Nº 34 (dic. 1986)
Record control number REV2863

No hay ítems disponibles.